| 000 | 00412nam a2200145Ia 4500 | ||
|---|---|---|---|
| 008 | 230312s9999||||xx |||||||||||||| ||und|| | ||
| 020 | _a9781285868578 | ||
| 082 |
_a005.432 _bWRI-M |
||
| 100 | _aBresnahan,Christine | ||
| 245 | 0 | _aCompTIA Linux+ powered by Linux Professional institute study guide | |
| 260 |
_bCengage _aAustralia _c2017 |
||
| 300 | _a569 | ||
| 650 |
_aComputer _vOperating Systems |
||
| 942 | _cBK | ||
| 999 |
_c16459 _d16459 |
||